Alternatívny prístup k ekonomickému rastu v teórii regulovania

Teória regulovania, jej zrod a najdôležietjšie črty. Analýza ekonomického rastu v teórii regulovania. Prvá vývojová etapa analýz ekonomického rastu. Druhá vývojová etapa skúmania ekonomického rastu. Prechod k novému typu ekonomického rastu ako dlhodobý proces. Koncepcia kognitívneho kapitalizmu. Kon...

Description complète

Enregistré dans:
Détails bibliographiques
Auteur principal: Přívarová, Magdaléna, 1955-
Format: Chapitre de livre
Langue:slovaque
Sujets:
Tags: Ajouter un tag
Pas de tags, Soyez le premier à ajouter un tag!

MARC

LEADER 00000naa$a2200000$$$4500
001 0114434
005 20240502072257.1
041 0 |a slo 
044 |a SK 
245 1 0 |a Alternatívny prístup k ekonomickému rastu v teórii regulovania  |c Magdaléna Přívarová 
520 |a Teória regulovania, jej zrod a najdôležietjšie črty. Analýza ekonomického rastu v teórii regulovania. Prvá vývojová etapa analýz ekonomického rastu. Druhá vývojová etapa skúmania ekonomického rastu. Prechod k novému typu ekonomického rastu ako dlhodobý proces. Koncepcia kognitívneho kapitalizmu. Koncepcia majetkového kapitalizmu. 
610 2 0 |a teória regulovania 
610 2 0 |a rast hospodársky 
610 2 0 |a modely rastu 
610 2 0 |a dejiny teórií ekonomických 
100 1 |a Přívarová, Magdaléna, 1955-